00791njm a2200253Ia 450000100060000000300090000600500170001500800410003204000130007304000130008604100130009910000200011210000170013210000360014924500560018525000110024126000090025226000710026130000190033230000230035150000350037450500530040965000750046237572IT-RoPAU20220918181133.0131025s9999 xx 000 0 und d aIT-RoPAU cIT-RoPAU aITALIANO aNilsson Lennart eAutore testo gCodice autore testo SPICS: 3175 aVerso la vita-3-E' nato un bambino (40 diapositive) a1a ed. aROMA bSAMPAOLO FILM AUDIOVISIVIc1973 [1a Ed.: - Ed. Lingua Orig.: 1973] aDIAPOMONTAGGIO c (Testo: 16 pag.) aDiapomontaggio non sonorizzato aEducazione sessuale. Sussidi didattico educativi aDIDATTICO [DIAPOMONTAGGIO NON SONORIZZATO]eCodice MATERIA SPICS: 9972